[Event "BL2-Ost 2223"]
[Site "Germany"]
[Date "2022.10.22"]
[Round "1.5"]
[White "Spiess, Gunter"]
[Black "Bredl, Harald"]
[Result "1/2-1/2"]
[WhiteElo "2386"]
[BlackElo "2306"]
[PlyCount "31"]
[EventDate "2022.10.22"]
[EventType "team-tourn"]
[EventRounds "10"]
[EventCountry "GER"]
[SourceTitle "EXT 2024"]
[Source "ChessBase"]
[SourceDate "2023.10.10"]
[SourceVersion "1"]
[SourceVersionDate "2023.10.10"]
[SourceQuality "1"]
[WhiteTeam "Nickelhuette Aue"]
[BlackTeam "Garching"]
[WhiteTeamCountry "GER"]
[BlackTeamCountry "GER"]

1. d4 d5 2. c4 e6 3. Nf3 dxc4 4. e4 b5 5. a4 c6 6. b3 Bb4+ 7. Bd2 Bxd2+ 8. Qxd2 Nf6 9. axb5 cxb3 10. e5 Nd5 11. Ra3 Bd7 12. bxc6 Nxc6 13. Rxb3 Rb8 14. Rxb8 Qxb8 15. Bd3 Ncb4 16. 0-0 1/2-1/2

[Event "Oberliga Bayern 2122"]
[Site "Bayern"]
[Date "2022.03.13"]
[Round "6.4"]
[White "Bredl, Harald"]
[Black "Kaunzinger, Albert"]
[Result "1-0"]
[WhiteElo "2284"]
[BlackElo "2154"]
[PlyCount "72"]
[EventDate "2021.10.24"]
[EventType "team-tourn"]
[EventRounds "9"]
[EventCountry "GER"]
[SourceTitle "EXT 2024"]
[Source "ChessBase"]
[SourceDate "2023.10.10"]
[SourceVersion "1"]
[SourceVersionDate "2023.10.10"]
[SourceQuality "1"]
[WhiteTeam "Garching"]
[BlackTeam "Groebenzell"]
[WhiteTeamCountry "GER"]
[BlackTeamCountry "GER"]

1. d4 d5 2. Nc3 Nf6 3. Bf4 a6 4. e3 g6 5. Be2 Bg7 6. h4 h5 7. Nf3 c5 8. dxc5 Qa5 9. 0-0 Qxc5 10. Na4 Qa5 11. c4 Bd7 12. Nc3 dxc4 13. Bxc4 0-0 14. Ne5 e6 15. Be2 Bb5 16. Nxb5 axb5 17. Qb3 Nc6 18. Bxb5 Nd5 19. Nc4 Qd8 20. Bg3 f5 21. Rad1 f4 22. Bxf4 Rxf4 23. Bxc6 bxc6 24. exf4 Qxh4 25. g3 Qh3 26. Ne3 h4 27. Nxd5 cxd5 28. Rfe1 Rxa2 29. Re2 hxg3 30. Qxg3 Qxg3+ 31. fxg3 Rxb2 32. Rxe6 Kf7 33. Rd6 d4 34. Rd7+ Kg8 35. Rc1 Rb8 36. Rcc7 Bf6 1-0

[Event "Oberliga Bayern 2122"]
[Site "Bayern"]
[Date "2021.10.24"]
[Round "1.3"]
[White "Bredl, Harald"]
[Black "Deglmann, Ludwig"]
[Result "1/2-1/2"]
[WhiteElo "2284"]
[BlackElo "2268"]
[PlyCount "63"]
[EventDate "2021.10.24"]
[EventType "team-tourn"]
[EventRounds "9"]
[EventCountry "GER"]
[SourceTitle "EXT 2023"]
[Source "ChessBase"]
[SourceDate "2022.10.05"]
[SourceVersion "1"]
[SourceVersionDate "2022.10.05"]
[SourceQuality "1"]
[WhiteTeam "Garching"]
[BlackTeam "Weilheim"]
[WhiteTeamCountry "GER"]
[BlackTeamCountry "GER"]

1. d4 f5 2. c4 Nf6 3. g3 g6 4. Bg2 Bg7 5. Nf3 0-0 6. 0-0 c6 7. Nc3 Na6 8. b3 Ne4 9. Bb2 d5 10. Ne5 Be6 11. cxd5 cxd5 12. f3 Nxc3 13. Bxc3 Rc8 14. Qd2 Nb8 15. e3 Nc6 16. Rac1 Qd6 17. f4 Rfd8 18. Rfd1 Bd7 19. Bf3 e6 20. Kg2 Be8 21. h3 Bf8 22. g4 Nxe5 23. dxe5 Qe7 24. gxf5 gxf5 25. Kh2 Kh8 26. Bd4 b6 27. Rg1 Bg6 28. Qf2 Qd7 29. h4 Ba3 30. Rcd1 Bf7 31. Kh3 Rg8 32. Rxg8+ 1/2-1/2

[Event "Oberliga Bayern 1920"]
[Site "Bayern"]
[Date "2020.09.13"]
[Round "8.3"]
[White "De Francesco, Klaus"]
[Black "Bredl, Harald"]
[Result "1/2-1/2"]
[WhiteElo "2231"]
[BlackElo "2289"]
[PlyCount "38"]
[EventDate "2019.10.20"]
[EventType "team-tourn"]
[EventRounds "9"]
[EventCountry "GER"]
[SourceTitle "EXT 2022"]
[Source "ChessBase"]
[SourceDate "2021.10.06"]
[SourceVersion "1"]
[SourceVersionDate "2021.10.06"]
[SourceQuality "1"]
[WhiteTeam "Weilheim"]
[BlackTeam "Garching II"]
[WhiteTeamCountry "GER"]
[BlackTeamCountry "GER"]

1. d4 d5 2. c4 dxc4 3. Nf3 a6 4. e3 b5 5. a4 Bb7 6. b3 e6 7. bxc4 bxc4 8. Bxc4 Nf6 9. 0-0 c5 10. Ba3 Be7 11. Nbd2 cxd4 12. Nxd4 Bxa3 13. Rxa3 Qe7 14. Rb3 Nc6 15. Nxc6 Bxc6 16. Rb6 Qc5 17. Qb3 0-0 18. Bxe6 Bxa4 19. Qb4 Qxb4 1/2-1/2

[Event "Oberliga Bayern 1819"]
[Site "Bayern"]
[Date "2019.02.03"]
[Round "6.4"]
[White "Prediger, Rupert"]
[Black "Bredl, Harald"]
[Result "0-1"]
[WhiteElo "2245"]
[BlackElo "2302"]
[PlyCount "92"]
[EventDate "2018.10.21"]
[EventType "team-tourn"]
[EventRounds "9"]
[EventCountry "GER"]
[SourceTitle "EXT 2020"]
[Source "ChessBase"]
[SourceDate "2019.10.17"]
[SourceVersion "1"]
[SourceVersionDate "2019.10.17"]
[SourceQuality "1"]
[WhiteTeam "Pang/Rosenheim"]
[BlackTeam "Garching II"]
[WhiteTeamCountry "GER"]
[BlackTeamCountry "GER"]

1. e4 e5 2. Nf3 Nc6 3. Bc4 Nf6 4. d4 exd4 5. e5 Ng4 6. 0-0 Be7 7. Bf4 g5 8. Bc1 d6 9. e6 fxe6 10. Nxg5 Bxg5 11. Qxg4 Bxc1 12. Rxc1 Qf6 13. Nd2 Rf8 14. Ne4 Qf5 15. Qxf5 Rxf5 16. Re1 Ke7 17. Ng3 Re5 18. f4 Rxe1+ 19. Rxe1 Bd7 20. Bd3 Rh8 21. Re4 d5 22. Re1 Kd6 23. a3 h6 24. Ne2 Rf8 25. Bb5 Nd8 26. Bd3 c5 27. g3 Nc6 28. Bb5 Nb8 29. Bd3 b5 30. b4 c4 31. Bg6 Nc6 32. Rd1 e5 33. fxe5+ Kxe5 34. Re1 Kd6 35. Nf4 a5 36. bxa5 Ra8 37. Bf7 Rxa5 38. Bxd5 Rxa3 39. Be4 b4 40. Rb1 d3 41. cxd3 c3 42. d4 b3 43. Ne2 c2 44. Bxc2 bxc2 45. Rc1 Nb4 46. Kg2 Bg4 0-1

[Event "BL2-Ost 1718"]
[Site "Germany"]
[Date "2018.02.04"]
[Round "8.4"]
[White "Bredl, Harald"]
[Black "Promyshlyanskiy, Vitaliy"]
[Result "1/2-1/2"]
[WhiteElo "2324"]
[BlackElo "2303"]
[PlyCount "36"]
[EventDate "2017.10.21"]
[EventType "team-tourn"]
[EventRounds "10"]
[EventCountry "GER"]
[SourceTitle "CBM 183 Extra"]
[Source "ChessBase"]
[SourceDate "2018.04.19"]
[SourceVersion "1"]
[SourceVersionDate "2018.04.19"]
[SourceQuality "1"]
[WhiteTeam "Garching"]
[BlackTeam "Nuernberg NT"]
[WhiteTeamCountry "GER"]
[BlackTeamCountry "GER"]

1. d4 Nf6 2. c4 e6 3. Nc3 Bb4 4. Qc2 Nc6 5. e3 e5 6. d5 Ne7 7. Nf3 Bxc3+ 8. Qxc3 d6 9. b3 0-0 10. Be2 Ne4 11. Qc2 f5 12. 0-0 Ng6 13. Ne1 a5 14. f3 Nc5 15. Nd3 b6 16. f4 Qe7 17. Nxc5 bxc5 18. Bd3 Bd7 1/2-1/2

[Event "BL2-Ost 1718"]
[Site "Germany"]
[Date "2017.12.10"]
[Round "6.5"]
[White "Bredl, Harald"]
[Black "Schulz, Lukas"]
[Result "1/2-1/2"]
[WhiteElo "2324"]
[BlackElo "2248"]
[PlyCount "25"]
[EventDate "2017.10.21"]
[EventType "team-tourn"]
[EventRounds "10"]
[EventCountry "GER"]
[SourceTitle "CBM 183 Extra"]
[Source "ChessBase"]
[SourceDate "2018.04.19"]
[SourceVersion "1"]
[SourceVersionDate "2018.04.19"]
[SourceQuality "1"]
[WhiteTeam "Garching"]
[BlackTeam "Forchheim"]
[WhiteTeamCountry "GER"]
[BlackTeamCountry "GER"]

1. d4 Nf6 2. Bf4 d6 3. Nc3 Nbd7 4. Nf3 c5 5. e3 g6 6. Be2 Bg7 7. Qd2 0-0 8. h3 a6 9. a4 b6 10. 0-0 Qc7 11. d5 Rb8 12. Ra2 Ne5 13. Nxe5 1/2-1/2

[Event "BL2-Ost 1718"]
[Site "Germany"]
[Date "2017.10.21"]
[Round "1.5"]
[White "Bredl, Harald"]
[Black "Deglmann, Ludwig"]
[Result "1/2-1/2"]
[WhiteElo "2324"]
[BlackElo "2294"]
[PlyCount "27"]
[EventDate "2017.10.21"]
[EventType "team-tourn"]
[EventRounds "10"]
[EventCountry "GER"]
[SourceTitle "CBM 183 Extra"]
[Source "ChessBase"]
[SourceDate "2018.04.19"]
[SourceVersion "1"]
[SourceVersionDate "2018.04.19"]
[SourceQuality "1"]
[WhiteTeam "Garching"]
[BlackTeam "Weilheim"]
[WhiteTeamCountry "GER"]
[BlackTeamCountry "GER"]

1. d4 e6 2. c4 Bb4+ 3. Bd2 c5 4. Bxb4 cxb4 5. Nf3 Nf6 6. Nbd2 0-0 7. e3 b6 8. Bd3 Bb7 9. 0-0 d6 10. a3 bxa3 11. Rxa3 Nc6 12. Qa1 Nb4 13. Bb1 a5 14. b3 1/2-1/2

[Event "BL2-Ost 1617"]
[Site "Germany"]
[Date "2017.03.19"]
[Round "10.2"]
[White "Arnaudov, Petar G"]
[Black "Bredl, Harald"]
[Result "1-0"]
[WhiteElo "2474"]
[BlackElo "2347"]
[PlyCount "41"]
[EventDate "2016.10.14"]
[EventType "team-tourn"]
[EventRounds "10"]
[EventCountry "GER"]
[SourceTitle "CBM 177 Extra"]
[Source "ChessBase"]
[SourceDate "2017.04.27"]
[SourceVersion "1"]
[SourceVersionDate "2017.04.27"]
[SourceQuality "1"]
[WhiteTeam "Goeggingen"]
[BlackTeam "Garching"]
[WhiteTeamCountry "GER"]
[BlackTeamCountry "GER"]

1. d4 d5 2. c4 dxc4 3. e3 e5 4. Bxc4 Nc6 5. Nf3 e4 6. Nfd2 Qg5 7. g3 Nf6 8. Nc3 Qg6 9. a3 Bd6 10. Nd5 Ng4 11. b4 h5 12. Nf4 Bxf4 13. gxf4 Bd7 14. Bb2 0-0-0 15. Qb3 h4 16. Bxf7 Qf5 17. h3 Nf6 18. 0-0-0 a5 19. Rhg1 Qb5 20. Bc4 Qb6 21. d5 1-0

[Event "BL2-Ost 1617"]
[Site "Germany"]
[Date "2017.03.19"]
[Round "9.3"]
[White "Gasthofer, Alexander"]
[Black "Bredl, Harald"]
[Result "1-0"]
[WhiteElo "2437"]
[BlackElo "2347"]
[PlyCount "63"]
[EventDate "2016.10.14"]
[EventType "team-tourn"]
[EventRounds "10"]
[EventCountry "GER"]
[SourceTitle "CBM 177 Extra"]
[Source "ChessBase"]
[SourceDate "2017.04.27"]
[SourceVersion "1"]
[SourceVersionDate "2017.04.27"]
[SourceQuality "1"]
[WhiteTeam "Bad Mergentheim"]
[BlackTeam "Garching"]
[WhiteTeamCountry "GER"]
[BlackTeamCountry "GER"]

1. d4 d5 2. Bf4 Bg4 3. h3 Bh5 4. c4 dxc4 5. Qa4+ c6 6. Qxc4 Nf6 7. Nc3 b5 8. Qb3 b4 9. Na4 Nbd7 10. e3 Qa5 11. Rc1 e6 12. Rxc6 Nd5 13. Bg3 Be7 14. Bd3 0-0 15. Ne2 N7b6 16. Nxb6 axb6 17. Nc1 Rfc8 18. Rxc8+ Rxc8 19. 0-0 Bg6 20. e4 Nf6 21. f3 Qg5 22. Ne2 Qe3+ 23. Bf2 Qh6 24. Bc4 Kh8 25. Be3 Qh4 26. Kh2 Bxe4 27. g3 Bd6 28. Kg2 Bxg3 29. Nxg3 Bd5 30. Rc1 Bxf3+ 31. Kxf3 Qxh3 32. Bxe6 1-0

[Event "BL2-Ost 1617"]
[Site "Germany"]
[Date "2017.02.18"]
[Round "7.2"]
[White "Bredl, Harald"]
[Black "Markowski, Tomasz"]
[Result "0-1"]
[WhiteElo "2347"]
[BlackElo "2575"]
[PlyCount "122"]
[EventDate "2016.10.14"]
[EventType "team-tourn"]
[EventRounds "10"]
[EventCountry "GER"]
[SourceTitle "CBM 177 Extra"]
[Source "ChessBase"]
[SourceDate "2017.04.27"]
[SourceVersion "1"]
[SourceVersionDate "2017.04.27"]
[SourceQuality "1"]
[WhiteTeam "Garching"]
[BlackTeam "Koenig Plauen"]
[WhiteTeamCountry "GER"]
[BlackTeamCountry "GER"]

1. d4 Nf6 2. c4 e6 3. Nc3 Bb4 4. Qc2 b6 5. a3 Bxc3+ 6. Qxc3 Bb7 7. Bg5 h6 8. Bh4 g5 9. Bg3 Ne4 10. Qc2 d6 11. f3 Nxg3 12. hxg3 Nd7 13. 0-0-0 Qe7 14. e4 0-0-0 15. Bd3 h5 16. Ne2 h4 17. g4 c5 18. Qc3 Kb8 19. Kb1 Rc8 20. Rd2 Rhd8 21. d5 Ne5 22. Ng1 exd5 23. exd5 Rc7 24. Nh3 Re8 25. Nf2 Qd8 26. Bc2 Ba6 27. Bd3 Bc8 28. Ka2 Rce7 29. Ne4 Nxd3 30. Rxd3 Re5 31. Qc1 Qe7 32. g3 hxg3 33. Nxg3 Qf6 34. Rc3 Qg6 35. Qb1 Qxb1+ 36. Kxb1 Re3 37. Rhc1 Kc7 38. Ka2 R8e5 39. Kb3 b5 40. Rxe3 Rxe3+ 41. Rc3 bxc4+ 42. Kc2 Re5 43. Rxc4 Rxd5 44. b4 Kc6 45. bxc5 dxc5 46. Ra4 Kb6 47. Nf1 Bd7 48. Re4 Bb5 49. Re1 Bxf1 50. Rxf1 Rd4 51. Re1 Rf4 52. Re3 f6 53. Kd2 Kb5 54. Rb3+ Kc4 55. Rc3+ Kd5 56. Ke3 Ra4 57. Rd3+ Ke5 58. Rc3 c4 59. Ke2 Kd6 60. Kd2 Ra5 61. Re3 Re5 0-1

[Event "BL2-Ost 1617"]
[Site "Germany"]
[Date "2016.12.03"]
[Round "5.2"]
[White "Hilverda, Alexander"]
[Black "Bredl, Harald"]
[Result "1/2-1/2"]
[WhiteElo "2392"]
[BlackElo "2347"]
[PlyCount "87"]
[EventDate "2016.10.14"]
[EventType "team-tourn"]
[EventRounds "10"]
[EventCountry "GER"]
[SourceTitle "CBM 177 Extra"]
[Source "ChessBase"]
[SourceDate "2017.04.27"]
[SourceVersion "1"]
[SourceVersionDate "2017.04.27"]
[SourceQuality "1"]
[WhiteTeam "Erlangen"]
[BlackTeam "Garching"]
[WhiteTeamCountry "GER"]
[BlackTeamCountry "GER"]

1. d4 d5 2. c4 dxc4 3. Nf3 a6 4. e3 b5 5. a4 Bb7 6. b3 e6 7. bxc4 bxc4 8. Bxc4 Nf6 9. 0-0 c5 10. Ba3 Be7 11. dxc5 Nbd7 12. c6 Bxc6 13. Nd4 Bxa3 14. Nxc6 Qc7 15. Nxa3 Qxc6 16. Be2 Qc5 17. Qb3 0-0 18. Rfc1 Qf5 19. Qc2 Qa5 20. Qc6 h5 21. Nc4 Qf5 22. Nd6 Qa5 23. Nb7 Qf5 24. Nd6 Qa5 25. Rab1 h4 26. h3 Qg5 27. Rb7 Rfd8 28. Nc4 Rac8 29. Qxa6 Nc5 30. Qb5 Nd5 31. Ra7 Qf6 32. Qb2 Qxb2 33. Nxb2 Nb3 34. Rxc8 Rxc8 35. Bc4 Nd2 36. Bd3 Rc1+ 37. Kh2 g5 38. Rb7 Nf1+ 39. Bxf1 Rxf1 40. Nd3 Ra1 41. Ra7 Ra2 42. e4 Nc3 43. Nc5 Re2 44. e5 1/2-1/2

[Event "BL2-Ost 1516"]
[Site "Germany"]
[Date "2016.03.12"]
[Round "3.4"]
[White "Liedtke, Matthias"]
[Black "Bredl, Harald"]
[Result "1-0"]
[WhiteElo "2257"]
[BlackElo "2341"]
[PlyCount "93"]
[EventDate "2015.09.20"]
[EventType "team-tourn"]
[EventRounds "9"]
[EventCountry "GER"]
[SourceTitle "EXT 2017"]
[Source "ChessBase"]
[SourceDate "2016.10.25"]
[SourceVersion "1"]
[SourceVersionDate "2016.10.25"]
[SourceQuality "1"]
[WhiteTeam "Leipzig SG"]
[BlackTeam "Garching"]
[WhiteTeamCountry "GER"]
[BlackTeamCountry "GER"]

1. e4 e5 2. Nf3 Nc6 3. Bc4 Nf6 4. d3 Be7 5. c3 0-0 6. 0-0 h6 7. Nbd2 d6 8. Bb3 Nh7 9. Nc4 Ng5 10. Nxg5 Bxg5 11. f4 Bxf4 12. Bxf4 exf4 13. Rxf4 Be6 14. d4 Ne7 15. Ne3 Ng6 16. Rf3 c5 17. Qd3 Qb6 18. Nf5 Rac8 19. Qd2 cxd4 20. Qxd4 Ne5 21. Ne7+ Kh8 22. Qxb6 Nxf3+ 23. gxf3 axb6 24. Nxc8 Rxc8 25. Rd1 Rd8 26. Bd5 Kg8 27. Rd4 Kf8 28. Rb4 Bxd5 29. exd5 Ke7 30. Rxb6 Rd7 31. Rb4 f5 32. f4 g5 33. Kf2 Kf6 34. Kf3 gxf4 35. Kxf4 Rg7 36. h3 Rg2 37. Rxb7 Rf2+ 38. Ke3 Rh2 39. a4 Ke5 40. a5 Rxh3+ 41. Ke2 Rh1 42. b4 Kxd5 43. a6 Ra1 44. b5 h5 45. a7 h4 46. Kf3 Ra3 47. Rc7 1-0

[Event "BL2-Ost 1516"]
[Site "Germany"]
[Date "2015.12.13"]
[Round "6.5"]
[White "Bredl, Harald"]
[Black "Heidrich, Manfred"]
[Result "1/2-1/2"]
[WhiteElo "2350"]
[BlackElo "2343"]
[PlyCount "94"]
[EventDate "2015.09.20"]
[EventType "team-tourn"]
[EventRounds "9"]
[EventCountry "GER"]
[SourceTitle "CBM 170 Extra"]
[Source "ChessBase"]
[SourceDate "2016.02.25"]
[SourceVersion "1"]
[SourceVersionDate "2016.02.25"]
[SourceQuality "1"]
[WhiteTeam "Garching"]
[BlackTeam "Forchheim"]
[WhiteTeamCountry "GER"]
[BlackTeamCountry "GER"]

1. d4 f5 2. e4 fxe4 3. Nc3 Nf6 4. Bg5 Nc6 5. d5 Ne5 6. Qe2 c6 7. f4 Nf7 8. Bxf6 gxf6 9. Qxe4 Bg7 10. 0-0-0 cxd5 11. Nxd5 e6 12. f5 0-0 13. Nc3 Qa5 14. Kb1 Nh6 15. fxe6 dxe6 16. Bc4 Kh8 17. Nge2 Qf5 18. Nf4 e5 19. Nfd5 Qxe4 20. Nxe4 Be6 21. Ne3 Bxc4 22. Nxc4 Rad8 23. Ne3 b6 24. c3 f5 25. Ng5 Bf6 26. Ne6 Rxd1+ 27. Rxd1 Re8 28. Nc7 Rd8 29. Kc2 Rxd1 30. Kxd1 Kg7 31. Nb5 a5 32. Nc4 e4 33. Nxb6 Ng4 34. Nd5 Nxh2 35. Nd6 Kg6 36. Nxf6 Kxf6 37. Nc4 f4 38. b4 axb4 39. cxb4 f3 40. gxf3 exf3 41. Nd2 Ke5 42. a4 Kd5 43. a5 Kc6 44. a6 Kb6 45. b5 f2 46. Ke2 Ng4 47. Ne4 Ne3 1/2-1/2

[Event "BL2-Ost 1516"]
[Site "Germany"]
[Date "2015.09.20"]
[Round "1.4"]
[White "Panzalovic, Srdjan"]
[Black "Bredl, Harald"]
[Result "1/2-1/2"]
[WhiteElo "2445"]
[BlackElo "2351"]
[PlyCount "26"]
[EventDate "2015.09.20"]
[EventType "team-tourn"]
[EventRounds "9"]
[EventCountry "GER"]
[SourceTitle "CBM 170 Extra"]
[Source "ChessBase"]
[SourceDate "2016.02.25"]
[SourceVersion "1"]
[SourceVersionDate "2016.02.25"]
[SourceQuality "1"]
[WhiteTeam "Bad Mergentheim"]
[BlackTeam "Garching"]
[WhiteTeamCountry "GER"]
[BlackTeamCountry "GER"]

1. Nf3 d5 2. d4 Nf6 3. c4 dxc4 4. e3 Bg4 5. Bxc4 e6 6. Qb3 Bxf3 7. gxf3 Nbd7 8. Nc3 Nb6 9. Be2 Bd6 10. e4 e5 11. Rg1 0-0 12. dxe5 Bxe5 13. f4 Bd4 1/2-1/2

[Event "BL2-Ost 1314"]
[Site "Germany"]
[Date "2014.01.18"]
[Round "9.3"]
[White "Bredl, Harald"]
[Black "Pfretzschner, Roland"]
[Result "1/2-1/2"]
[WhiteElo "2353"]
[BlackElo "2252"]
[PlyCount "161"]
[EventDate "2013.10.12"]
[EventType "team-tourn"]
[EventRounds "10"]
[EventCountry "GER"]
[SourceTitle "EXT 2015"]
[Source "ChessBase"]
[SourceDate "2014.11.20"]
[SourceVersion "1"]
[SourceVersionDate "2014.11.20"]
[SourceQuality "1"]
[WhiteTeam "Garching"]
[BlackTeam "Plauen Koenig"]
[WhiteTeamCountry "GER"]
[BlackTeamCountry "GER"]

1. d4 Nf6 2. Bg5 e6 3. e4 h6 4. Bxf6 Qxf6 5. Nc3 d6 6. Qd2 c6 7. f4 Nd7 8. e5 dxe5 9. dxe5 Qd8 10. 0-0-0 Qa5 11. g3 Be7 12. Kb1 Nc5 13. Bg2 0-0 14. Nd5 Qd8 15. Nxe7+ Qxe7 16. Qd6 Qxd6 17. Rxd6 Re8 18. a3 Kf8 19. Ne2 Ke7 20. Rhd1 Nd7 21. Nc3 f6 22. exf6+ Nxf6 23. R6d3 Bd7 24. Ne4 Red8 25. Nc5 Rab8 26. Re1 b6 27. Nxd7 Rxd7 28. Rde3 Rd6 29. f5 Re8 30. Rxe6+ Kd7 31. Rxe8 Nxe8 32. Kc1 c5 33. g4 Nf6 34. h3 Rd4 35. c3 Rd3 36. Rd1 Rxd1+ 37. Kxd1 Kd6 38. Ke2 Ke5 39. Ke3 Ne8 40. Be4 Nd6 41. Bd3 Nf7 42. a4 Ng5 43. h4 Nf7 44. Kf3 Nd6 45. Kg3 Nf7 46. Kf3 Nd6 47. Kg3 Nf7 48. b3 Nd6 49. Kf3 Nf7 50. Bb5 Nd6 51. Bc6 Nf7 52. b4 cxb4 53. cxb4 Nd6 54. Bd7 Nf7 55. a5 Nd6 56. axb6 axb6 57. Ke3 Ne4 58. Be6 Nd6 59. Bb3 Ne4 60. Be6 Nd6 61. Kd3 Ne4 62. Kc4 Nd6+ 63. Kb3 Ne4 64. Ka4 Nc3+ 65. Kb3 Ne4 66. Bc8 Nd6 67. Bd7 Ne4 68. Ka4 Nc3+ 69. Ka3 Kd6 70. Kb3 Ne4 71. Bc8 Ke5 72. Be6 Nf2 73. g5 hxg5 74. hxg5 Ne4 75. g6 Nd6 76. Ka4 Kf6 77. Bd7 Ke5 78. Be6 Kf6 79. Bd7 Ke5 80. Be6 Kf6 81. Bd7 1/2-1/2

[Event "BL2-Ost 1213"]
[Site "Germany"]
[Date "2013.02.03"]
[Round "6.3"]
[White "Bredl, Harald"]
[Black "Graf, Felix"]
[Result "1/2-1/2"]
[WhiteElo "2361"]
[BlackElo "2449"]
[PlyCount "29"]
[EventDate "2012.10.14"]
[EventType "team-tourn"]
[EventRounds "9"]
[EventCountry "GER"]
[SourceTitle "CBM 154 Extra"]
[Source "ChessBase"]
[SourceDate "2013.06.25"]
[SourceVersion "2"]
[SourceVersionDate "2013.06.25"]
[SourceQuality "1"]
[WhiteTeam "Garching"]
[BlackTeam "Bayern Muenchen"]
[WhiteTeamCountry "GER"]
[BlackTeamCountry "GER"]

1. d4 e6 2. c4 Bb4+ 3. Bd2 Qe7 4. e4 Nf6 5. e5 Ne4 6. a3 Bxd2+ 7. Nxd2 Nxd2 8. Qxd2 b6 9. Bd3 Bb7 10. Ne2 d6 11. exd6 Qxd6 12. 0-0 0-0 13. Rac1 Nd7 14. Rfd1 c5 15. Qe3 1/2-1/2

[Event "BL2-Ost 1213"]
[Site "Germany"]
[Date "2013.01.13"]
[Round "5.4"]
[White "Bredl, Harald"]
[Black "Cech, Pavel"]
[Result "1/2-1/2"]
[WhiteElo "2361"]
[BlackElo "2378"]
[PlyCount "45"]
[EventDate "2012.10.14"]
[EventType "team-tourn"]
[EventRounds "9"]
[EventCountry "GER"]
[SourceTitle "CBM 154 Extra"]
[Source "ChessBase"]
[SourceDate "2013.06.25"]
[SourceVersion "2"]
[SourceVersionDate "2013.06.25"]
[SourceQuality "1"]
[WhiteTeam "Garching"]
[BlackTeam "Bindlach"]
[WhiteTeamCountry "GER"]
[BlackTeamCountry "GER"]

1. d4 d5 2. Bf4 Nf6 3. e3 g6 4. c4 Bg7 5. Nc3 c5 6. dxc5 Qa5 7. cxd5 Ne4 8. Rc1 Nxc3 9. Qd2 Qxa2 10. bxc3 Qxd2+ 11. Kxd2 0-0 12. Bc4 Nd7 13. Ne2 Nxc5 14. Nd4 e5 15. dxe6 Bxe6 16. Nxe6 Nxe6 17. Bxe6 fxe6 18. Ke2 Rac8 19. c4 e5 20. Bg3 Kf7 21. Ra1 a6 22. Rhb1 Rc7 23. Ra5 1/2-1/2

[Event "BL2-Ost 1213"]
[Site "Germany"]
[Date "2012.12.09"]
[Round "4.3"]
[White "Bredl, Harald"]
[Black "Casper, Thomas"]
[Result "1/2-1/2"]
[WhiteElo "2361"]
[BlackElo "2400"]
[PlyCount "38"]
[EventDate "2012.10.14"]
[EventType "team-tourn"]
[EventRounds "9"]
[EventCountry "GER"]
[SourceTitle "CBM 154 Extra"]
[Source "ChessBase"]
[SourceDate "2013.06.25"]
[SourceVersion "2"]
[SourceVersionDate "2013.06.25"]
[SourceQuality "1"]
[WhiteTeam "Garching"]
[BlackTeam "Erfurt"]
[WhiteTeamCountry "GER"]
[BlackTeamCountry "GER"]

1. d4 Nf6 2. Nf3 d6 3. Nc3 c6 4. e4 Bg4 5. h3 Bxf3 6. Qxf3 e6 7. d5 Be7 8. Bd2 0-0 9. g4 exd5 10. exd5 cxd5 11. 0-0-0 d4 12. Nd5 Nc6 13. Nxe7+ Qxe7 14. Bg5 d5 15. Bd3 Qd6 16. Bxf6 Qxf6 17. Qxf6 gxf6 18. Bb5 Rfe8 19. Bxc6 bxc6 1/2-1/2

[Event "BL2-Ost 1213"]
[Site "Germany"]
[Date "2012.11.25"]
[Round "3.3"]
[White "Hertneck, Gerald"]
[Black "Bredl, Harald"]
[Result "1/2-1/2"]
[WhiteElo "2520"]
[BlackElo "2361"]
[PlyCount "30"]
[EventDate "2012.10.14"]
[EventType "team-tourn"]
[EventRounds "9"]
[EventCountry "GER"]
[SourceTitle "CBM 154 Extra"]
[Source "ChessBase"]
[SourceDate "2013.06.25"]
[SourceVersion "2"]
[SourceVersionDate "2013.06.25"]
[SourceQuality "1"]
[WhiteTeam "Zugzwang MSA"]
[BlackTeam "Garching"]
[WhiteTeamCountry "GER"]
[BlackTeamCountry "GER"]

1. d4 d5 2. c4 dxc4 3. e4 Nc6 4. Nf3 Bg4 5. d5 Ne5 6. Qd4 Nxf3+ 7. gxf3 Bxf3 8. Rg1 Nf6 9. Nd2 Bh5 10. b3 e5 11. Qxe5+ Qe7 12. Qxe7+ Bxe7 13. bxc4 0-0-0 14. Rb1 Rhe8 15. f3 Nd7 1/2-1/2

[Event "BL2-Ost 1213"]
[Site "Germany"]
[Date "2012.10.14"]
[Round "1.3"]
[White "Maiwald, Jens Uwe"]
[Black "Bredl, Harald"]
[Result "1-0"]
[WhiteElo "2462"]
[BlackElo "2361"]
[PlyCount "87"]
[EventDate "2012.10.14"]
[EventType "team-tourn"]
[EventRounds "9"]
[EventCountry "GER"]
[SourceTitle "CBM 154 Extra"]
[Source "ChessBase"]
[SourceDate "2013.06.25"]
[SourceVersion "2"]
[SourceVersionDate "2013.06.25"]
[SourceQuality "1"]
[WhiteTeam "Dresden TU"]
[BlackTeam "Garching"]
[WhiteTeamCountry "GER"]
[BlackTeamCountry "GER"]

1. e4 e5 2. Nf3 Nc6 3. Bc4 Nf6 4. d3 h6 5. 0-0 d6 6. c3 Be7 7. b4 0-0 8. Re1 Nh7 9. Nbd2 Ng5 10. h3 Be6 11. Bxe6 fxe6 12. b5 Na5 13. d4 exd4 14. Nxd4 Bf6 15. N2b3 Nxb3 16. axb3 Qd7 17. Qd3 c5 18. bxc6 bxc6 19. Bxg5 hxg5 20. Nf3 Qc7 21. Ra6 Rfc8 22. b4 c5 23. Rxd6 c4 24. Qd1 Bxc3 25. Nxg5 Bf6 26. Nxe6 Qf7 27. Qd5 c3 28. Rd7 Be7 29. Rc1 Rab8 30. b5 c2 31. Rxe7 Qxe7 32. Nd8+ Kh7 33. Nc6 Qa3 34. Rxc2 Ra8 35. Rc5 Re8 36. Qh5+ Kg8 37. Qd5+ Kh7 38. e5 Qa1+ 39. Kh2 Qe1 40. Qd4 Re6 41. Qd3+ Kh8 42. Qf5 Rae8 43. Rc4 Qd2 44. Qf7 1-0